| 000 | 00545nam a2200229 a 4500 | ||
|---|---|---|---|
| 001 | nice12345678 | ||
| 003 | IN_TiNIC | ||
| 005 | 20260116012913.0 | ||
| 008 | 050524s1983 dela grp 000 0 eng | ||
| 020 |
_a _c175 |
||
| 082 | 0 | 0 |
_a305.6297 _bISR |
| 100 | _aIsrael, Milton | ||
| 245 | _aIslamic Society and Culture | ||
| 260 |
_aDelhi _bManohar _c1983 |
||
| 300 | _a383p | ||
| 500 | _aincludes index and biblioraphy | ||
| 505 | 2 | _aAppendix A, B And C | |
| 650 | _aIslamic-Culture | ||
| 902 | _bSRS | ||
| 942 | _cBK | ||
| 999 |
_c8822 _d8822 |
||